000 00236nam a2200109Ia 4500
100 _aYADAV/R.
942 _cBK
245 _aApplied thermodynamics
260 _bCENTRAL PUBLICATION
_aAllahabad
_c2009
300 _a996
546 _aENGLISH
999 _c22595
_d22595